[Event "45th Olympiad 2024"]
[Site "Budapest HUN"]
[Date "2024.09.22"]
[Round "11.6"]
[Board "3"]
[White "Hovhannisyan, Robert"]
[Black "Daneshvar, Bardiya"]
[Result "0-1"]
[WhiteElo "2619"]
[BlackElo "2598"]
[PlyCount "70"]
[EventDate "2024.09.11"]
[WhiteTeam "Armenia"]
[BlackTeam "Iran"]
[WhiteTeamCountry "ARM"]
[BlackTeamCountry "IRI"]

1. e4 c5 2. Nf3 d6 3. d4 cxd4 4. Nxd4 Nf6 5. Nc3 a6 6. Be2 e5 7. Nb3 Be7 8. Be3 Be6 9. f4 exf4 10. Bxf4 O-O 11. Qd2 Nc6 12. O-O-O Ne5 13. Rhg1 Rc8 14. g4 Nc4 15. Bxc4 Rxc4 16. Nd4 $146 ({RR} 16. Qd3 Qc8 17. g5 Nxe4 18. Nxe4 d5 19. Nc3 Rxf4 20. Nxd5 Bxd5 21. Qxd5 Rf5 22. Qe4 Bxg5+ 23. Kb1 Re8 24. Qg2 Bf6 25. Rd3 Rfe5 {0-1 Bruzon Batista,L (2584)-Sakaev,K (2639) Ubeda op 6th 2001 (10.3)}) 16... d5 17. e5 Nd7 18. Nxe6 fxe6 19. Nxd5 Bc5 20. Bg5 Qe8 21. Be3 Nxe5 22. Bxc5 Rxc5 23. Qe3 Rxd5 24. Rxd5 Nc4 25. Qd4 exd5 26. Qxd5+ Qf7 27. Qxf7+ Kxf7 28. b3 Ne5 29. Kb2 Ke6 30. Rg2 Rf3 31. Ka3 b6 32. g5 Kf5 33. Kb4 Rf4+ 34. c4 Rg4 35. Rd2 Ke6 0-1

[Event "45th Olympiad 2024"]
[Site "Budapest HUN"]
[Date "2024.09.22"]
[Round "11.6"]
[Board "4"]
[White "Movahed, Sina"]
[Black "Grigoryan, Karen H."]
[Result "0-1"]
[WhiteElo "2528"]
[BlackElo "2569"]
[PlyCount "82"]
[EventDate "2024.09.11"]
[WhiteTeam "Iran"]
[BlackTeam "Armenia"]
[WhiteTeamCountry "IRI"]
[BlackTeamCountry "ARM"]

1. e4 e5 2. Nf3 Nc6 3. Bb5 a6 4. Ba4 Nf6 5. O-O Be7 6. d3 b5 7. Bb3 d6 8. Bd2 O-O 9. h3 a5 ({RR} 9... h6 10. Re1 Re8 11. a3 Bf8 12. Nc3 Rb8 13. Ba2 Ne7 14. Nh4 g5 15. Nf3 Ng6 16. Nh2 c6 17. Ne2 d5 18. Ng3 dxe4 19. dxe4 Rb7 20. Qf3 Nf4 21. Rad1 Rd7 22. Be3 Rxd1 23. Rxd1 Qe7 24. Ng4 {1-0 Carlsen,M (2872)-Vitiugov,N (2747) Tata Steel-A 82nd 2020 (8)}) 10. a4 b4 11. Be3 Be6 12. Bxe6 $146 ({RR} 12. Nbd2 h6 13. c3 bxc3 14. bxc3 d5 15. exd5 Nxd5 16. Qc2 Nxe3 17. fxe3 Bxb3 18. Nxb3 Qd5 19. d4 exd4 20. exd4 Rfe8 21. Nbd2 Bd6 22. Rae1 Bg3 23. Re4 f5 24. Rxe8+ Rxe8 25. Qd3 g6 26. Rb1 Kg7 {0-1 Paravyan,D (2612)-Alekseenko,K (2650) Chessable Masters Div 3 W 2024 (2.1)}) ({RR} 12. Nbd2 Bxb3 13. cxb3 d5 14. Rc1 Ra6 15. Qe2 d4 16. Bg5 Nh5 17. Bxe7 Nf4 18. Qd1 Nxe7 19. g3 Nxd3 20. Qe2 Rh6 21. Qxd3 Qc8 22. h4 Ng6 23. Rfe1 Qg4 24. Nh2 Qd7 25. Ndf3 {1-0 Bellahcene,B (2516)-Syrov,A (2212) Baden-Baden Faschingsopen 2024 (3.2)}) 12... fxe6 13. Nbd2 d5 14. c3 h6 15. Qc2 Bd6 16. Rfe1 Qd7 17. Nf1 Qf7 18. Ng3 Nh5 19. Rad1 Qg6 20. Nh4 Qf7 21. Nf3 Rad8 22. Qe2 Nxg3 23. fxg3 d4 24. cxd4 exd4 25. Nxd4 Nxd4 26. Bxd4 Bxg3 27. Rf1 Qd7 28. Rxf8+ Rxf8 29. Bc5 Rf6 30. b3 e5 31. Qc2 Rc6 32. Qc4+ Qf7 33. Qb5 Qxb3 34. Rf1 Qe6 35. Rf3 Bh4 36. Kh2 b3 37. d4 exd4 38. Bxd4 Rc4 39. Bb2 Rxe4 40. Qb8+ Kh7 41. Qxc7 Qg6 0-1

[Event "45th Olympiad 2024"]
[Site "Budapest HUN"]
[Date "2024.09.22"]
[Round "11.7"]
[Board "1"]
[White "Cheparinov, Ivan"]
[Black "Keymer, Vincent"]
[Result "1/2-1/2"]
[WhiteElo "2628"]
[BlackElo "2730"]
[PlyCount "120"]
[EventDate "2024.09.11"]
[WhiteTeam "Bulgaria"]
[BlackTeam "Germany"]
[WhiteTeamCountry "BUL"]
[BlackTeamCountry "GER"]

1. e4 e5 2. Nf3 Nc6 3. Bb5 a6 4. Ba4 Nf6 5. O-O Be7 6. d3 b5 7. Bb3 d6 8. c3 O-O 9. h3 h6 10. Re1 Re8 11. Nbd2 Bf8 12. Nf1 Na5 13. Bc2 c5 14. Ng3 Bb7 15. d4 cxd4 16. cxd4 exd4 17. Nxd4 Qc7 18. Bf4 Nc4 19. b3 Ne5 20. Rc1 Ng6 $146 ({RR} 20... Qd8 21. Ndf5 Rc8 22. Bb1 Rxc1 23. Bxc1 Ng6 24. Bb2 d5 25. e5 Ne4 26. Qg4 Qg5 27. Nxe4 dxe4 28. Qxg5 hxg5 29. Bxe4 Nxe5 30. Bxb7 Nf3+ 31. Bxf3 Rxe1+ 32. Kh2 g6 33. Ne3 Bg7 34. Bxg7 Kxg7 35. Bb7 {1-0 Can,E (2540)-Baglan,E (2357) TCh-TUR Super League 2024 (12.33)}) 21. Bd2 Qb6 22. Ndf5 d5 23. exd5 Nxd5 24. Rxe8 Rxe8 25. Be4 b4 26. Qc2 Ngf4 27. Bxf4 Nxf4 28. Bxb7 Qxb7 29. Ne3 Re5 30. Qc8 Qxc8 31. Rxc8 g6 32. Kf1 f5 33. Rc4 Nd3 34. Ne2 Bc5 35. Nf4 Nxf4 36. Rxf4 Bxe3 37. fxe3 a5 38. Ke2 Rc5 39. Kd2 Kf7 40. a3 Rd5+ 41. Ke2 bxa3 42. Ra4 Ke6 43. Rxa3 Kd6 44. Ra4 Rb5 45. Kf3 Kc6 46. g4 Kb6 47. gxf5 Rxf5+ 48. Ke2 Rb5 49. Rg4 g5 50. h4 Rxb3 51. hxg5 hxg5 52. Rxg5 a4 53. Rg8 Kc5 54. Ra8 Kb4 55. Kd2 Rb2+ 56. Kc1 Re2 57. Kb1 Rxe3 58. Rb8+ Ka3 59. Ka1 Re2 60. Rb2 Rxb2 1/2-1/2

[Event "45th Olympiad 2024"]
[Site "Budapest HUN"]
[Date "2024.09.22"]
[Round "11.7"]
[Board "2"]
[White "Kollars, Dmitrij"]
[Black "Naiditsch, Arkadij"]
[Result "1/2-1/2"]
[WhiteElo "2659"]
[BlackElo "2643"]
[PlyCount "127"]
[EventDate "2024.09.11"]
[WhiteTeam "Germany"]
[BlackTeam "Bulgaria"]
[WhiteTeamCountry "GER"]
[BlackTeamCountry "BUL"]

1. e4 c5 2. Nf3 d6 3. d4 cxd4 4. Nxd4 Nf6 5. Nc3 Bd7 6. f3 e5 7. Nb3 Be7 8. Be3 O-O 9. Qd2 a5 10. a4 Na6 11. O-O-O Nb4 12. g4 Rc8 13. Kb1 Be6 14. g5 Nh5 15. Bb5 f5 16. gxf6 $146 ({RR} 16. Qf2 Bxg5 17. Bb6 Qe7 18. Bxa5 Nc6 19. Bb6 Nb4 20. Ba5 Nc6 21. Bb6 Nb4 22. Ba5 {½-½ Kosakowski,J (2457)-Antoniewski,R (2466) POL-chT 1st League 2022 (3.2)}) 16... Rxf6 17. Bg5 Rg6 18. Bxe7 Qxe7 19. Nxa5 Nf4 20. Rhg1 Rf6 21. b3 Rc5 22. Nc4 Bxc4 23. Bxc4+ Rxc4 24. bxc4 Qc7 25. Nb5 Qxc4 26. c3 Nfd3 27. cxb4 Qb3+ 28. Ka1 Nxb4 29. Qb2 Qxa4+ 30. Kb1 Qxb5 31. Qb3+ Nd5 32. Rd3 Qxb3+ 33. Rxb3 Nf4 34. Rxb7 Rf7 35. Rb6 Ne2 36. Rg2 Nd4 37. Rxd6 g6 38. h4 Nxf3 39. h5 Kg7 40. hxg6 Rb7+ 41. Kc1 Nh4 42. Rgd2 hxg6 43. Rd7+ Rxd7 44. Rxd7+ Kf6 45. Kd2 Nf3+ 46. Ke3 Ng5 47. Rd6+ Kf7 48. Kd3 Kg7 49. Rb6 Kf7 50. Rb1 Kf6 51. Rf1+ Ke6 52. Rg1 Kf6 53. Rg3 Ne6 54. Kc4 Nf4 55. Kc5 Ke6 56. Kc6 Ke7 57. Rg1 Ke6 58. Rd1 g5 59. Rg1 Nh5 60. Rxg5 Nf6 61. Rg6 Ke7 62. Rg5 Ke6 63. Rg6 Ke7 64. Rg5 1/2-1/2

[Event "45th Olympiad 2024"]
[Site "Budapest HUN"]
[Date "2024.09.22"]
[Round "11.7"]
[Board "3"]
[White "Petrov, Martin"]
[Black "Bluebaum, Matthias"]
[Result "1/2-1/2"]
[WhiteElo "2536"]
[BlackElo "2640"]
[PlyCount "104"]
[EventDate "2024.09.11"]
[WhiteTeam "Bulgaria"]
[BlackTeam "Germany"]
[WhiteTeamCountry "BUL"]
[BlackTeamCountry "GER"]

1. Nf3 d5 2. e3 c5 3. b3 a6 4. Bb2 Nc6 5. d4 Nf6 6. dxc5 e6 7. a3 Bxc5 8. c4 O-O 9. b4 Ba7 10. Nbd2 Qe7 ({RR} 10... dxc4 11. Nxc4 b5 12. Nd6 Bd7 13. Bd3 Qe7 14. O-O Nd5 15. Ne4 Rfd8 16. Rc1 Be8 17. Qe2 h6 18. Rfd1 Rac8 19. h3 Bb6 20. Ng3 Nf6 21. Bb1 Rxd1+ 22. Rxd1 Rd8 23. Rc1 Kf8 24. Ne4 Nd5 25. Nc3 {0-1 Carlsen,M (2852)-Vidit,S (2730) PRO League Prelim 2023 (2.4)}) 11. Qc2 ({RR} 11. Bd3 Rd8 12. O-O e5 13. cxd5 Nxd5 14. Qc2 g6 15. Rac1 f6 16. Rfd1 Be6 17. Qb1 Rac8 18. h4 Bb8 19. h5 f5 20. hxg6 hxg6 21. Bc4 Kf8 22. g3 e4 23. Nh4 Bf7 24. Nf1 Nf6 25. Rxd8+ Rxd8 {0-1 Fiala,V (2242)-Piesik,P (2426) TCh-CZE 1 Liga Vychod 2023 (8.1)}) 11... Rd8 12. Rc1 $146 ({RR} 12. Bd3 dxc4 13. Nxc4 b5 14. Ncd2 Bb7 15. Rc1 Rac8 16. Qb1 h6 17. O-O Nb8 18. Rxc8 Rxc8 19. Rc1 Rxc1+ 20. Qxc1 Qd6 21. Bxf6 Qxd3 22. Bd4 Bxd4 23. Nxd4 Nd7 24. h3 Bd5 25. N2f3 Bc4 26. Nc6 Qd6 {½-½ Jumabayev,R (2590)-Ter Sahakyan,S (2617) 6th Sharjah Masters 2023 (6.29)}) 12... d4 13. Nxd4 Nxd4 14. exd4 Bxd4 15. Bxd4 Rxd4 16. Nb3 Rd8 17. Be2 e5 18. O-O e4 19. Rfd1 Re8 20. Rd4 Qe5 21. Rcd1 Ng4 22. g3 Bf5 23. Qc1 e3 24. f3 Nf2 25. Rd5 Qf6 26. R1d4 h5 27. Nc5 Rab8 28. Nd7 Bxd7 29. Rxd7 b6 30. Kg2 Ne4 31. Qc2 Ng5 32. Rf4 Qa1 33. Qd1 Qxd1 34. Rxd1 g6 35. h4 Ne6 36. Re4 a5 37. Kf1 axb4 38. axb4 Ng7 39. Rxe8+ Rxe8 40. Kg2 Ra8 41. Rd3 Nf5 42. g4 Ra2 43. gxf5 Rxe2+ 44. Kg3 gxf5 45. Kf4 Rb2 46. Rxe3 Rxb4 47. Kg5 Rxc4 48. Kxh5 b5 49. Re5 b4 50. Rxf5 Kg7 51. f4 b3 52. Rb5 Rxf4 1/2-1/2

[Event "45th Olympiad 2024"]
[Site "Budapest HUN"]
[Date "2024.09.22"]
[Round "11.7"]
[Board "4"]
[White "Svane, Frederik"]
[Black "Petkov, Momchil"]
[Result "1-0"]
[WhiteElo "2640"]
[BlackElo "2540"]
[PlyCount "111"]
[EventDate "2024.09.11"]
[WhiteTeam "Germany"]
[BlackTeam "Bulgaria"]
[WhiteTeamCountry "GER"]
[BlackTeamCountry "BUL"]

1. e4 c5 2. Nf3 d6 3. d4 cxd4 4. Nxd4 Nf6 5. Nc3 Nc6 6. Bg5 e6 7. Qd2 Be7 8. O-O-O a6 9. Bxf6 gxf6 10. f4 Nxd4 11. Qxd4 Qa5 12. Be2 Bd7 13. Bf3 Qc5 14. Qd2 O-O-O 15. f5 h5 16. h4 Kb8 17. Kb1 Rc8 18. Rhe1 Rc7 19. Re3 Bf8 20. Ree1 $146 ({RR} 20. Rd3 Bh6 21. Qe2 Bf4 22. Bxh5 Be5 23. Bxf7 exf5 24. h5 fxe4 25. Qxe4 f5 26. Qd5 Qb6 27. Qb3 Qxb3 28. axb3 Bc6 29. Bg6 Bxg2 30. Rg1 Bc6 31. Rh3 f4 32. h6 f3 33. Rf1 Bd4 34. Rh4 Be3 {½-½ Murphy,C (2460)-Svanda,O (2384) Northumbria Masters GM 2024 (6.4)}) 20... Be7 21. Re3 Bf8 22. Ree1 Be7 23. a3 Qb6 24. Ka1 Qa5 25. Re3 Bf8 26. Qd4 Qe5 27. Red3 Qxd4 28. Rxd4 exf5 29. Kb1 fxe4 30. Nxe4 Bf5 31. c3 Be7 32. Kc1 Bxe4 33. Rxe4 f5 34. Rf4 Rc5 35. a4 a5 36. Rd5 Rxd5 37. Bxd5 Rh7 38. Kc2 Rg7 39. Bf3 Bd8 40. Kb3 d5 41. Bxd5 b6 42. Bf3 Kc7 43. Kc4 Kd6 44. Rd4+ Kc7 45. Kb5 Rg6 46. Rf4 Re6 47. Rxf5 Bxh4 48. Rxf7+ Re7 49. Rxe7+ Bxe7 50. Bxh5 Bf6 51. Bf3 Bg5 52. b4 axb4 53. cxb4 Bd2 54. g4 Be3 55. a5 bxa5 56. bxa5 1-0

[Event "45th Olympiad 2024"]
[Site "Budapest HUN"]
[Date "2024.09.22"]
[Round "11.8"]
[Board "1"]
[White "Mchedlishvili, Mikheil"]
[Black "Duda, Jan-Krzysztof"]
[Result "0-1"]
[WhiteElo "2574"]
[BlackElo "2732"]
[PlyCount "108"]
[EventDate "2024.09.11"]
[WhiteTeam "Georgia"]
[BlackTeam "Poland"]
[WhiteTeamCountry "GEO"]
[BlackTeamCountry "POL"]

1. d4 Nf6 2. c4 e6 3. Nf3 d5 4. Nc3 Be7 5. Bg5 Nbd7 6. e3 O-O 7. Bd3 h6 8. Bh4 dxc4 9. Bxc4 c5 10. O-O a6 11. a4 cxd4 12. exd4 ({RR} 12. Nxd4 Nb6 13. Bb3 Nbd5 14. Nxd5 Nxd5 15. Bxe7 Nxe7 16. Bc2 Bd7 17. Qd3 g6 18. Rfd1 Rc8 19. Qb3 Qc7 20. Be4 Nc6 21. Bxc6 Bxc6 22. Rac1 Bxa4 23. Rxc7 Bxb3 24. Rxc8 Bxd1 25. Rc7 e5 26. Nf3 Bxf3 {0-1 Salem,A (2638)-Karjakin,S (2760) Wch Rapid Riadh 2017 (11)}) 12... b6 $146 ({RR} 12... Nb6 13. Bb3 Bd7 14. Ne5 Bc6 15. Nxc6 bxc6 16. Re1 {½-½ Lukacs,P (2480)-Lengyel,B (2350) Budapest FS02 GM 1993}) ({RR} 12... Nb6 13. Bb3 Nbd5 14. Ne5 Nxc3 15. bxc3 Nd5 16. Bxd5 exd5 17. Bxe7 Qxe7 18. Re1 Be6 19. Qb3 Qc7 20. a5 Rac8 21. Ra3 Qd6 22. Nd3 Rc7 23. Nc5 Bf5 24. Nxb7 Rxb7 25. Qxb7 Qxa3 26. Qxd5 Qxc3 27. Rd1 {0-1 Valgmae,T (2270)-Luukkonen,T (2250) Keres Memorial rap 31st rapid 2022 (6)}) ({RR} 12... Nb6 13. Bb3 Bd7 14. Ne5 a5 15. Qd3 Be8 16. Bc2 g6 17. Qh3 Kg7 18. Rad1 Nbd5 19. Rfe1 Rc8 20. Bb1 Ng8 21. Nxd5 Qxd5 22. Be4 Qd8 23. Bxe7 Nxe7 24. Qb3 Bc6 25. Bxc6 bxc6 26. Qc2 {½-½ Langeweg,K-Zuidema,C NED-ch24 Leeuwarden 1969 (4)}) ({RR} 12... Nb6 13. Bd3 Bd7 14. Ne5 Rc8 15. Rc1 Bxa4 16. b3 Bc6 17. Bb1 Nbd5 18. Nxd5 Bxd5 19. Bxf6 Rxc1 20. Qxc1 Bxf6 21. Qc2 g6 22. Nxg6 fxg6 23. Qxg6+ Bg7 24. Qh7+ Kf7 25. Qg6+ Kg8 26. Qh7+ {½-½ Lievano Alvarado,L (2069)-Sermeno,C ESA-ch San Salvador 2003 (5)}) 13. Bg3 Bb7 14. d5 exd5 15. Nxd5 Nxd5 16. Bxd5 Bxd5 17. Qxd5 Nc5 18. Qxd8 Rfxd8 19. Bc7 Rd5 20. Bxb6 Rb8 21. a5 Nd7 22. Bd4 Bf6 23. Bc3 Rbb5 24. h3 Bxc3 25. bxc3 Rxa5 26. Rxa5 Rxa5 27. Rd1 Nc5 28. Ne5 Ne6 29. Nd7 Ra2 30. Rb1 f6 31. Nb6 Nf4 32. c4 Nd3 33. Nd5 a5 34. Rb7 a4 35. Ra7 h5 36. Nc3 Rc2 37. Nxa4 Rxc4 38. Nb6 Rc1+ 39. Kh2 Nxf2 40. Ra4 Kf7 41. Nd5 g5 42. Ra2 Ne4 43. Re2 f5 44. g3 Ke6 45. Ne3 Ke5 46. Ng2 Rc3 47. Ne3 f4 48. gxf4+ gxf4 49. Nd1 Rf3 50. Kg2 Ra3 51. Kh2 f3 52. Rc2 Kf4 53. Nf2 Nxf2 54. Rxf2 Re3 0-1

[Event "45th Olympiad 2024"]
[Site "Budapest HUN"]
[Date "2024.09.22"]
[Round "11.8"]
[Board "2"]
[White "Wojtaszek, Radoslaw"]
[Black "Kacharava, Nikolozi"]
[Result "1/2-1/2"]
[WhiteElo "2681"]
[BlackElo "2511"]
[PlyCount "127"]
[EventDate "2024.09.11"]
[WhiteTeam "Poland"]
[BlackTeam "Georgia"]
[WhiteTeamCountry "POL"]
[BlackTeamCountry "GEO"]

1. d4 d5 2. c4 dxc4 3. e4 b5 4. a4 c6 5. Nc3 b4 6. Nb1 Ba6 7. Qc2 e5 8. Nf3 b3 9. Qc3 Nf6 10. Nbd2 exd4 11. Nxd4 Qb6 $146 ({RR} 11... Bc5 12. Nf5 O-O 13. Bxc4 Bxc4 14. Qxc4 Nbd7 15. O-O Re8 16. Qxb3 Nxe4 17. Nxe4 Rxe4 18. Qc2 Qe8 19. Ng3 Re6 20. Bd2 Bf8 21. Rae1 Nf6 22. Nf5 Rd8 23. Rxe6 Qxe6 24. Be3 Rd5 25. Nd4 Qd6 26. Nf3 {½-½ Duda,J (2652)-Bartel,M (2625) POL-ch Poznan 2016 (4)}) 12. Bxc4 Bb4 13. Qxb3 O-O 14. Nc2 Bxd2+ 15. Bxd2 Nxe4 16. Qxb6 axb6 17. Bxa6 Nxa6 18. b4 c5 19. b5 Nc7 20. f3 Nxd2 21. Kxd2 Ra7 22. Kc3 Rfa8 23. Kb3 Kf8 24. Rhd1 Ra5 25. Rd6 Nxb5 26. axb5 Rxb5+ 27. Kc4 Rxa1 28. Kxb5 Ra2 29. Ne3 Rb2+ 30. Kc4 g6 31. Kc3 Re2 32. Kd3 Rb2 33. Rc6 h5 34. h4 Rb3+ 35. Kd2 Rb2+ 36. Kc3 Rb4 37. Nc4 b5 38. Ne5 Rxh4 39. Rxg6 Rh2 40. Rg5 f6 41. Nd7+ Kf7 42. Rxc5 Rxg2 43. Kd3 Rg5 44. Rc7 h4 45. Ne5+ Ke6 46. Ng4 f5 47. Ne3 h3 48. Rh7 Rg3 49. Rh6+ Ke5 50. Ke2 b4 51. Kf2 f4 52. Rh5+ Ke6 53. Nd5 Rg2+ 54. Kf1 b3 55. Nxf4+ Kf6 56. Nxg2 b2 57. Rb5 h2 58. Rxb2 h1=Q+ 59. Kf2 Qc1 60. Re2 Qc5+ 61. Kg3 Qg5+ 62. Kf2 Qc5+ 63. Re3 Qc2+ 64. Re2 1/2-1/2

[Event "45th Olympiad 2024"]
[Site "Budapest HUN"]
[Date "2024.09.22"]
[Round "11.8"]
[Board "3"]
[White "Paichadze, Luka"]
[Black "Bartel, Mateusz"]
[Result "1/2-1/2"]
[WhiteElo "2516"]
[BlackElo "2618"]
[PlyCount "109"]
[EventDate "2024.09.11"]
[WhiteTeam "Georgia"]
[BlackTeam "Poland"]
[WhiteTeamCountry "GEO"]
[BlackTeamCountry "POL"]

1. e4 c6 2. d4 d5 3. e5 Bf5 4. h4 a6 5. c4 e6 6. Nc3 h6 7. Be3 ({RR} 7. cxd5 cxd5 8. Bd3 Bxd3 9. Qxd3 Nc6 10. Nf3 Bb4 11. O-O Nge7 12. Ne2 Ba5 13. Ng3 Kd7 14. a3 Qg8 15. b4 Bc7 16. Be3 Qh7 17. Qe2 Nf5 18. Nxf5 Qxf5 19. Nd2 g5 20. g4 Qh7 21. h5 f6 {½-½ Chertkov,M (2198)-Kulaev,M (2312) TCh-RUS HL 2024 (2.18)}) 7... dxc4 8. Bxc4 Nd7 $146 ({RR} 8... Ne7 9. g4 Bh7 10. h5 Nd5 11. Nxd5 cxd5 12. Bd3 Bxd3 13. Qxd3 Nc6 14. a3 Qb6 15. b4 Qb5 16. Kd2 Na7 17. Ne2 Be7 18. Rhc1 Qxd3+ 19. Kxd3 Kd7 20. Nc3 b5 21. Bd2 Rhb8 22. Rcb1 Rb7 23. f4 {0-1 Koepke,C (2364)-Epishin,V (2579) Nuremberg LGA Cup 9th 2012 (3)}) 9. Nge2 b5 10. Bb3 Bb4 11. Ng3 Ne7 12. O-O Bxc3 13. bxc3 Nb6 14. Bc1 Nbd5 15. Qf3 a5 16. c4 bxc4 17. Bxc4 O-O 18. Bxd5 Nxd5 19. Nxf5 exf5 20. h5 Qd7 21. Ba3 Rfb8 22. Bd6 Rb2 23. Rfb1 Qb7 24. Rc1 Qd7 25. Qa3 Rd2 26. Rd1 Rxd1+ 27. Rxd1 Qb7 28. Qd3 Qb5 29. Qxf5 Nc3 30. Rd2 Qd5 31. Qf3 Ne4 32. Re2 f5 33. Rc2 Kh8 34. Bc5 Qd7 35. Bd6 Ra7 36. Rb2 Ra8 37. Rb6 Re8 38. Qa3 f4 39. Qh3 Qf7 40. Rxc6 Qxa2 41. Qf3 Qa1+ 42. Kh2 Qxd4 43. Qxf4 Qd5 44. Rb6 Nxd6 45. exd6 Qxh5+ 46. Kg3 Qd5 47. f3 Kg8 48. Rb2 Rd8 49. Rd2 Qe6 50. Qd4 a4 51. Kf2 a3 52. Qd5 Qxd5 53. Rxd5 Kf7 54. Ra5 Rxd6 55. Rxa3 1/2-1/2

[Event "45th Olympiad 2024"]
[Site "Budapest HUN"]
[Date "2024.09.22"]
[Round "11.8"]
[Board "4"]
[White "Gumularz, Szymon"]
[Black "Jobava, Baadur"]
[Result "0-1"]
[WhiteElo "2571"]
[BlackElo "2582"]
[PlyCount "142"]
[EventDate "2024.09.11"]
[WhiteTeam "Poland"]
[BlackTeam "Georgia"]
[WhiteTeamCountry "POL"]
[BlackTeamCountry "GEO"]

1. d4 d5 2. c4 c6 3. Nf3 Nf6 4. Nc3 dxc4 5. a4 Bf5 6. e3 e6 7. Bxc4 Bb4 8. O-O h6 9. Qe2 ({RR} 9. Qb3 a5 10. Na2 Nd5 11. Nxb4 Nxb4 12. Bd2 Bc2 13. Qa3 Nd5 14. Rac1 Bg6 15. Rfe1 Nf6 16. Ne5 Bh7 17. Red1 Nbd7 18. Nf3 Ne4 19. Be1 Ndf6 20. Nd2 Qe7 21. Qxe7+ Kxe7 22. Nxe4 Bxe4 23. f3 Bd5 {0-1 Akai,K-Penot,M (1562) Pattaya op 2019 (8)}) 9... O-O 10. e4 Bh7 11. Bd3 c5 $146 ({RR} 11... Nbd7 12. Rd1 Re8 13. Bb1 Nf8 14. Ne5 Rc8 15. Qf3 Ng6 16. Nxg6 Bxg6 17. e5 Bxc3 18. Bxg6 Bxd4 19. exf6 Qb6 20. Be3 Red8 21. Qg4 fxg6 22. Bxd4 {1-0 Kuzmin,G-Segal,A WchT Students 15th final A 1968 (6.2)}) ({RR} 11... Nbd7 12. Rd1 Qe7 13. e5 Nd5 14. Bd2 Rfd8 15. Bxh7+ Kxh7 16. a5 Qf8 17. Qe4+ Kh8 18. Qg4 Be7 19. h4 Rac8 20. Ne4 {½-½ Kupka,S (2211)-Adamek,P (1921) Orlova op 3rd 2006 (5)}) 12. Rd1 Nc6 13. e5 Bxd3 14. Rxd3 c4 15. Rd1 Nd5 16. Bd2 Bxc3 17. Bxc3 Rc8 18. Nd2 Nce7 19. Nxc4 Nf5 20. g3 Qc7 21. Na3 Qd7 22. Nb1 Rc6 23. Ra3 Rfc8 24. Rd3 Rc4 25. Qd1 Nb4 26. Rd2 a5 27. Ra1 Nd5 28. Rd3 b6 29. Ra3 Nb4 30. Rd2 R8c7 31. Ra1 Nd5 32. Rd3 Qc6 33. Na3 Rxa4 34. Be1 b5 35. b3 Rb4 36. Bxb4 axb4 37. Nb1 Nc3 38. Qe1 Qd5 39. Nxc3 bxc3 40. Rxc3 Nxd4 41. Rac1 b4 42. Re3 Nf3+ 43. Rxf3 Rxc1 44. Qxc1 Qxf3 45. Qe3 Qd1+ 46. Kg2 Qd5+ 47. f3 h5 48. h4 Qd1 49. Kf2 Qc2+ 50. Ke1 Qb2 51. Kd1 Qg2 52. Qf4 Qf2 53. Qxb4 Qxf3+ 54. Kc1 Qxg3 55. Qb8+ Kh7 56. b4 g5 57. hxg5 h4 58. Kc2 Qxg5 59. Qc7 Qg2+ 60. Kb3 Qf3+ 61. Ka4 h3 62. Qd8 Qh5 63. Qd3+ Kh8 64. Qd8+ Kg7 65. Qf6+ Kh7 66. Qf1 h2 67. Qh1 Qxe5 68. b5 Qd4+ 69. Ka5 Qa7+ 70. Kb4 Qg1 71. Qe4+ Kg8 0-1

[Event "45th Olympiad 2024"]
[Site "Budapest HUN"]
[Date "2024.09.22"]
[Round "11.9"]
[Board "1"]
[White "Supi, Luis Paulo"]
[Black "Suleymanli, Aydin"]
[Result "1/2-1/2"]
[WhiteElo "2570"]
[BlackElo "2632"]
[PlyCount "61"]
[EventDate "2024.09.11"]
[WhiteTeam "Brazil"]
[BlackTeam "Azerbaijan"]
[WhiteTeamCountry "BRA"]
[BlackTeamCountry "AZE"]

1. c4 Nf6 2. Nf3 e6 3. g3 d5 4. Bg2 Be7 5. O-O O-O 6. b3 d4 7. e3 c5 8. Ne5 Qc7 9. exd4 cxd4 10. Qe2 ({RR} 10. Re1 Nc6 11. Nxc6 bxc6 12. d3 e5 13. Qe2 Re8 14. Qxe5 Bd6 15. Qxe8+ Nxe8 16. Rxe8+ Bf8 17. Nd2 Qd7 18. Re2 Qg4 19. Nf3 Bb7 20. Bf4 c5 21. h3 Qd7 22. Rae1 f6 23. h4 Rd8 24. Kh2 Qf7 {1-0 Mikhalevski,V (2496)-Manish Anto,C (2307) 17th Teplice Open 2024 (6.10)}) 10... Nc6 11. Re1 Rd8 12. d3 $146 ({RR} 12. Ba3 d3 13. Qe3 Bxa3 14. Nxa3 Nb4 15. Nb5 Qa5 16. Nd4 Qa3 17. h3 h6 18. g4 Bd7 19. Nxd3 Nxd3 20. Qxd3 Bc6 21. Qe3 Qd6 22. Nxc6 bxc6 23. Rad1 a5 24. Qe5 Qd3 25. Bxc6 Rac8 26. Bg2 Qc2 {1-0 Pantsulaia,L (2570)-Davtyan,A (2453) Tsaghkadzor ChessMood op 2021 (4)}) 12... Nxe5 13. Qxe5 Bd6 14. Qe2 Bd7 15. Bg5 Be7 16. a3 Bc6 17. Bxf6 Bxf6 18. Nd2 a5 19. f4 Be7 20. Bxc6 Qxc6 21. Qg2 Bd6 22. Ne4 Bf8 23. Nd2 Bd6 24. Ne4 Bf8 25. h4 Ra6 26. Nd2 Qxg2+ 27. Kxg2 f6 28. h5 Kf7 29. Kf3 Rb6 30. g4 Be7 31. Ke4 1/2-1/2

[Event "45th Olympiad 2024"]
[Site "Budapest HUN"]
[Date "2024.09.22"]
[Round "11.9"]
[Board "2"]
[White "Abasov, Nijat"]
[Black "Fier, Alexandr"]
[Result "1/2-1/2"]
[WhiteElo "2626"]
[BlackElo "2551"]
[PlyCount "60"]
[EventDate "2024.09.11"]
[WhiteTeam "Azerbaijan"]
[BlackTeam "Brazil"]
[WhiteTeamCountry "AZE"]
[BlackTeamCountry "BRA"]

1. e4 c5 2. Nf3 e6 3. c3 Nf6 4. e5 Nd5 5. d4 cxd4 6. cxd4 d6 7. Bc4 Be7 8. O-O O-O 9. Qe2 Bd7 10. Bd2 Bc6 11. Nc3 Nxc3 ({RR} 11... Nb6 12. Bd3 N8d7 13. Bf4 dxe5 14. Nxe5 Nxe5 15. Bxe5 Nd7 16. Be4 Nxe5 17. dxe5 Qb6 18. Bxc6 Qxc6 19. Rac1 Rac8 20. Qe4 Qb6 21. Qe2 h6 22. Rcd1 Rc7 23. Rd3 Qa6 24. Rfd1 Rfc8 25. h3 Qc4 26. Qh5 {0-1 Corrales Jimenez,Z (2151)-Fier,A (2583) Iberoamerican-ch 8th 2022 (4)}) 12. Bxc3 Nd7 13. Bd3 ({RR} 13. Rfd1 Nb6 14. Ba5 Qb8 15. Bxb6 axb6 16. d5 exd5 17. Bxd5 Ra5 18. Qe4 Rxd5 19. Rxd5 dxe5 20. Nxe5 Bxd5 21. Qxd5 Qc7 22. g3 Bc5 23. Nd7 Rd8 24. Rd1 Be7 25. h4 h5 26. a4 Qc6 27. b3 g6 {½-½ Kunz,A (2191)-Lindberg,B (2344) 51st Rilton Cup 2023-24 (6.34)}) 13... Nb6 $146 ({RR} 13... Bd5 14. Nd2 dxe5 15. dxe5 Nc5 16. Bc2 Rc8 17. a3 Qb6 18. Qg4 Rfd8 19. Rfe1 Nd7 20. h4 Bc5 21. Re2 Nf8 22. h5 Bc6 23. Nc4 Qa6 24. Nd6 Rc7 25. b4 Bb5 26. Nxb5 Qxb5 27. bxc5 Rxc5 28. Bb4 {1-0 Zhigalko,S (2671)-Movsesian,S (2673) EU-ch blitz Tallinn 2016 (24)}) 14. Rac1 Rc8 15. Rc2 dxe5 16. dxe5 Nd5 17. Bd2 Nb4 18. Bxb4 Bxb4 19. Rfc1 Bxf3 20. Qxf3 Rxc2 21. Rxc2 g6 22. Qe4 Ba5 23. g3 Qd7 24. Kg2 Rc8 25. Rxc8+ Qxc8 26. Qc4 Qxc4 27. Bxc4 Bb6 28. f4 h5 29. Kf3 Kf8 30. h3 Ke7 1/2-1/2

[Event "45th Olympiad 2024"]
[Site "Budapest HUN"]
[Date "2024.09.22"]
[Round "11.9"]
[Board "3"]
[White "Quintiliano, Renato R."]
[Black "Mamedov, Rauf"]
[Result "0-1"]
[WhiteElo "2499"]
[BlackElo "2637"]
[PlyCount "52"]
[EventDate "2024.09.11"]
[WhiteTeam "Brazil"]
[BlackTeam "Azerbaijan"]
[WhiteTeamCountry "BRA"]
[BlackTeamCountry "AZE"]

1. d4 d5 2. c4 dxc4 3. Nf3 Nf6 4. e3 e6 5. Bxc4 c5 6. O-O a6 7. e4 Nxe4 8. Qe2 Nf6 9. d5 Nxd5 10. Rd1 Be7 11. Nc3 Nc6 12. Nxd5 exd5 13. Rxd5 Qc7 14. Ng5 b5 $146 ({RR} 14... O-O 15. Nxh7 Kxh7 16. Qd3+ f5 17. Qh3+ Kg6 18. g4 Kf6 19. Qh4+ Kf7 20. Qh5+ g6 21. Rd6+ Be6 22. Bxe6+ Kf6 23. Qg5+ Kg7 24. Qh6+ Kf6 25. Bg5+ Ke5 26. Bf4+ Ke4 27. Re1+ {1-0 Halkias,S (2527)-Pichot,A (2625) Wch Rapid Warsaw 2021 (11)}) ({RR} 14... O-O 15. Nxh7 Rd8 16. Ng5 Rxd5 17. Bxd5 Ne5 18. Qe4 Bxg5 19. Bxg5 Bd7 20. f4 Ng4 21. Qe7 Rf8 22. h3 Qb6 23. hxg4 Qxb2 24. Rd1 Bxg4 25. Bxf7+ {1-0 Kourkoulos Arditis,S (2535)-Janik,I (2523) GRE-chT 49th 2022 (5.5)}) 15. Qe4 bxc4 16. Rxc5 Bb7 17. Bf4 Qd7 18. Re1 O-O-O 19. Rxc4 Bxg5 20. Bxg5 Rhe8 21. Qb1 Rxe1+ 22. Qxe1 Qd1 23. Rc1 Qxe1+ 24. Rxe1 Rd5 25. Be3 Kd7 26. h3 Nb4 0-1